000 00376nam a2200157Ia 4500
003 GCL
008 140319s9999 xx 000 0 eng d
040 _aGCL /
_cGCL
082 0 4 _a591.188
_bM L
245 1 0 _aLEARNING AND MEMORY
260 _a[S.N] :
_bMACMILLAN PUBLISHING COMPANY ،
_c1991
300 _a563 P
650 0 4 _aLEARNING
650 0 4 _aMEMORY
942 _2ddc
_cBK
999 _c18922
_d18922